IFM Opac

Principles of Auditing & other Assurance Services (Record no. 22160)

MARC details
000 -LEADER
fixed length control field 00348nam a22001337a 4500
020 ## - INTERNATIONAL STANDARD BOOK NUMBER
ISBN 978-1-266-85766-9
082 ## - DEWEY DECIMAL CLASSIFICATION NUMBER
Classification number 657.42 WHI
100 ## - MAIN ENTRY--AUTHOR NAME
Personal name Whittington, O. Ray
245 ## - TITLE STATEMENT
Title Principles of Auditing & other Assurance Services
260 ## - PUBLICATION, DISTRIBUTION, ETC. (IMPRINT)
Place of publication New York:
Name of publisher McGrawHill,
Year of publication 2024
300 ## - PHYSICAL DESCRIPTION
Number of Pages xxi, 992p.: il.; 28cm
700 ## - ADDED ENTRY--PERSONAL NAME
Personal name Pany, Kurt
942 ## - ADDED ENTRY ELEMENTS (KOHA)
Koha item type Books
Holdings
Withdrawn status Lost status Damaged status Not for loan Collection code Permanent Location Current Location Shelving location Date acquired Source of acquisition Full call number Accession Number Price effective from Koha item type
        Non-fiction IFM Main Campus Library IFM Main Campus Library Work Room processing 01/14/2026 Purchased 657.42 WHI 0000030322 01/14/2026 Books
        Non-fiction IFM Main Campus Library IFM Main Campus Library Work Room processing 01/14/2026 Purchased 657.42 WHI 0000030323 01/14/2026 Books
        Non-fiction IFM Main Campus Library IFM Main Campus Library Work Room processing 01/14/2026 Purchased 657.42 WHI 0000030321 01/14/2026 Books